[Event "Paracin Open 2020"]
[Site "Paracin"]
[Date "2020.07.04"]
[Round "3.9"]
[White "Radovanovic, Nikola"]
[Black "Damjanovic, Vuk"]
[Result "1/2-1/2"]
[WhiteElo "2389"]
[BlackElo "2208"]
[Annotator "TA"]
[PlyCount "50"]
[EventDate "2020.07.03"]
[EventType "swiss"]
[EventCountry "SRB"]
[SourceTitle "playchess.com"]
[Source "ChessBase"]
[SourceQuality "1"]

{[%evp 10,50,49,42,50,14,14,0,0,0,0,0,0,0,0,0,39,41,77,-120,-157,-134,-121,-270,-269,-265,-257,-250,-34,-47,-42,-53,-17,-24,-18,-30,0,0,0,0,44,0,7]} 1. d4 Nf6 2. Nf3 c5 3. d5 g6 4. Nc3 Bg7 5. e4 d6 6. Bb5+ Bd7 {A43: Schmid Benoni.} 7. Be2 b5 8. e5 dxe5 $1 9. Nxb5 O-O {[#] Strongly threatening ...Bxb5.} 10. Nc3 $146 ({Predecessor:} 10. O-O e4 11. Nd2 Bxb5 12. Bxb5 Qxd5 13. Qe2 Nc6 14. c3 Ne5 15. Bc4 Nxc4 16. Nxc4 {0-1 (51) Horvath,I (2340)-De Sousa,J (2240) Hungary 1997}) 10... Qc7 11. O-O Rd8 12. Bc4 Bc6 13. Ng5 e6 {[%cal Re6d5]} 14. dxe6 $2 (14. Nxf7 $1 $16 {is forced if you want to stay better.} Kxf7 15. dxe6+ Kf8 16. Qe2) 14... Rxd1 $17 15. Rxd1 {[%cal Re6f7] [#]} h6 $1 {[%cal Rh6g5]} 16. exf7+ (16. Nxf7 $17 {was forced.} Kh7 17. Nd6) 16... Kh8 $19 17. Ne6 Qxf7 {Threatens to win with ...Bd7.} 18. Rd8+ Ne8 $2 (18... Ng8 $19 {White must now prevent ...Nd7.} 19. Bb3 {[#]} c4 $1 {[%mdl 512]} 20. Bxc4 Bb7) 19. Nxg7 $15 Qxg7 ({Much weaker is} 19... Qxc4 $6 20. Nxe8 Qh4 21. Nf6+ Kg7 22. Rd6 $16) 20. Bd5 $1 {[%cal Rd5c6] aiming for Bxc6.} Qc7 (20... Qf6 {keeps more tension.} 21. Rxe8+ Bxe8 22. Bxa8 Bc6 23. Bxc6 Nxc6 24. Bd2 Nd4) 21. Rxe8+ $1 Bxe8 22. Bxa8 Bc6 23. Bxc6 Nxc6 24. Bxh6 Nd4 25. Re1 Qb8 {Accuracy: White = 68%, Black = 55%.} 1/2-1/2

[Event "Paracin Open 2020"]
[Site "Paracin"]
[Date "2020.07.04"]
[Round "3.10"]
[White "Katic, Goran"]
[Black "Martic, Ivan"]
[Result "0-1"]
[WhiteElo "1967"]
[BlackElo "2386"]
[Annotator "TA"]
[PlyCount "69"]
[EventDate "2020.07.03"]
[EventType "swiss"]
[EventCountry "SRB"]
[SourceTitle "playchess.com"]
[Source "ChessBase"]
[SourceQuality "1"]

{[%evp 9,69,28,56,48,39,35,64,48,57,55,68,72,74,64,90,83,93,33,48,13,16,2,35,0,0,-19,0,0,16,11,60,3,139,92,79,100,340,129,218,116,124,52,58,50,50,70,54,-27,-27,-30,-29,-74,-85,-104,0,-58,-16,-16,-14,-12,-10,-149]} 1. e4 d6 2. d4 Nf6 3. Bd3 g6 4. Ne2 Bg7 5. f3 Nc6 6. c3 {B07: Pirc Defence: Miscellaneous Systems.} e5 7. d5 Nb8 8. Be3 {[#] White is slightly better.} O-O $146 ({Predecessor:} 8... Nbd7 9. c4 Nh5 10. Nbc3 Bf6 11. Qd2 Nc5 12. Bc2 a5 13. O-O O-O 14. a3 a4 {1-0 (61) Tomasek,M (2245)-Adam,P (2125) Czechia 2004}) 9. Qd2 c6 10. c4 $1 cxd5 11. cxd5 a6 12. Nbc3 Nbd7 13. g4 (13. O-O $16) 13... h5 $14 14. gxh5 Nxh5 15. O-O-O b5 16. Rdg1 (16. Ng3 $5 {[%cal Rg3h5]}) 16... Nc5 17. Bc2 Bd7 18. Ng3 Nf4 $1 19. Nce2 Rc8 20. Kb1 (20. h4 $1 $14) 20... Qf6 {[#]} (20... Nh3 $1 $11) 21. Nf5 $1 {[%mdl 512]} Bxf5 ({Wrong is} 21... Nxe2 $2 22. Bg5 $18) 22. exf5 Kh8 $2 {[#]} (22... Nxe2 $16 23. Bg5 (23. Qxe2 e4 $11) 23... Bh6 $1 {[%mdl 512]} 24. Bxh6 Nxg1 25. Rxg1 e4) 23. fxg6 $2 (23. h4 $1 $18 {[%cal Rh4h5] is the precise move to win. And now h5 would win.} Rg8 24. fxg6 fxg6 25. h5 (25. Bxf4 exf4 26. Bxg6 Bh6 $18)) 23... fxg6 (23... Nxe2 $16 24. Qxe2 e4 25. Bxe4 Nxe4 26. fxe4 fxg6) 24. Nc3 (24. Rg3 $18) 24... e4 $16 25. Bxf4 ({White should play} 25. fxe4 $16 {Strongly threatening Rf1.} Qe5 26. Rf1 Nxe4 27. Bxe4 Rxc3 {[%mdl 64] Remove Defender} 28. bxc3 Qxe4+ 29. Ka1) 25... Qxf4 $14 26. Qxf4 Rxf4 27. Nxe4 Rxf3 {aiming for ...Nxe4.} 28. Rg3 {[#]} ({Better is} 28. Nxd6 $14 Rcf8 29. Bxg6) 28... Nxe4 $1 $11 {[%mdl 512]} 29. Bxe4 Rf2 30. Rb3 Re8 31. Bf3 Rc8 32. Be4 Rc4 33. Bxg6 {The position is equal.} Rg4 34. Bc2 Rgg2 35. Bd3 {Accuracy: White = 44%, Black = 64%.} (35. Rh3+ $11 Kg8 36. Rc1) 0-1

[Event "Paracin Open 2020"]
[Site "Paracin"]
[Date "2020.07.04"]
[Round "3.11"]
[White "Abramovic, Bosko"]
[Black "Dimitrijevic, Andjela"]
[Result "1-0"]
[WhiteElo "2351"]
[BlackElo "1805"]
[Annotator "TA"]
[PlyCount "77"]
[EventDate "2020.07.03"]
[EventType "swiss"]
[EventCountry "SRB"]
[SourceTitle "playchess.com"]
[Source "ChessBase"]
[SourceQuality "1"]

{[%evp 9,77,19,28,16,21,16,23,18,25,9,46,22,53,45,52,39,50,64,107,71,68,58,72,43,78,87,384,395,388,384,523,222,544,280,384,166,169,162,166,138,142,152,143,145,144,136,135,134,234,235,214,209,354,352,572,573,592,577,619,618,1223,1167,1206,1194,1057,984,1219,1138,1240,1217]} 1. c4 e5 2. Nc3 Nf6 3. e3 Bb4 4. Nge2 Nc6 5. a3 Bxc3 6. Nxc3 {A22: English Opening: 1...e5 2 Nc3 Nf6.} O-O 7. b4 d5 8. cxd5 {White has an edge.} Nxd5 9. Bb2 {[#]} Bf5 $146 ({Predecessor:} 9... Re8 10. Be2 Nxc3 11. Bxc3 Nd4 12. Bxd4 exd4 13. O-O Bf5 14. Rc1 c6 15. Rc5 Be4 {1-0 (33) Xiong,J (2679)-Gledura,B (2645) chess.com INT 2019}) 10. Be2 (10. Qf3 {with more complications.} Nde7 11. Ne4 f6 12. Bc4+ Kh8 13. Rc1) 10... e4 11. O-O Nxc3 12. Bxc3 ({But not} 12. dxc3 Qg5 $15) 12... Qd6 13. f4 a5 {[%cal Ra5b4]} 14. b5 Ne7 15. g4 $36 {[%mdl 2048] Black is under pressure.} Bd7 $1 16. Qc2 Qg6 17. Kh1 f5 $2 {[%mdl 8192] A mistake that costs the game.} (17... Nd5 $16) 18. gxf5 $18 Nxf5 19. Rg1 Qe8 {[#]} 20. Be5 (20. Rxg7+ $142 $3 {[%mdl 512]} Nxg7 21. Rg1 $1 {[%mdl 512]}) 20... c6 $2 (20... Be6 21. Qxe4 (21. Qxc7 Rf7 $16) 21... Rd8) 21. a4 Be6 {[#]} 22. Qxe4 (22. Rxg7+ $142 $3 {[%mdl 512]} Nxg7 23. Rg1 $1 {[%mdl 512]}) 22... g6 23. Bc4 Rd8 24. Bc3 Bd5 25. Bxd5+ Rxd5 {[#]} 26. Qxe8 $1 Rxe8 27. Bxa5 Nd6 28. Rgc1 c5 (28... cxb5 $16 29. axb5 Rxb5) 29. Bc3 Ne4 30. Ra2 Rd3 (30... b6 $142 31. a5 Nxc3 32. dxc3 bxa5) 31. a5 {[%cal Ba4a5,Ba5a6][%mdl 32]} Nd6 $2 (31... Kf7 {might work better.} 32. a6 bxa6) 32. a6 {White is clearly winning.} b6 33. Be5 Nxb5 34. Rb1 Na3 35. Rxb6 Nc4 36. Rb7 Rdd8 37. a7 Nxe5 38. fxe5 Ra8 39. d4 {Accuracy: White = 71%, Black = 33%.} 1-0

[Event "Paracin Open 2020"]
[Site "Paracin"]
[Date "2020.07.04"]
[Round "3.12"]
[White "Milovanovic, Srboljub"]
[Black "Ivanovic, Marko"]
[Result "1/2-1/2"]
[WhiteElo "2043"]
[BlackElo "2267"]
[Annotator "TA"]
[PlyCount "185"]
[EventDate "2020.07.03"]
[EventType "swiss"]
[EventCountry "SRB"]
[SourceTitle "playchess.com"]
[Source "ChessBase"]
[SourceQuality "1"]

{[%evp 18,185,54,47,87,60,94,49,35,-70,23,25,9,20,24,22,30,-24,-15,-41,0,-99,-97,-82,-45,-64,-61,-125,-105,-118,-122,-136,-75,-138,-77,-77,-80,-110,-106,-100,-102,-108,-108,-96,-75,-116,-82,-104,0,0,0,0,0,0,0,0,0,0,0,-59,-59,-62,-62,-93,-62,-62,-68,-105,0,0,0,0,0,0,0,0,0,0,0,0,0,0,0,0,0,0,0,0,0,0,0,0,0,0,0,0,0,0,0,0,0,0,0,0,0,0,0,0,0,0,0,0,0,0,0,0,0,0,0,0,0,0,0,0,0,0,0,0,0,0,0,0,0,0,0,0,0,-8,0,0,0,0,0,0,0,0,0,0,0,0,0,0,0,0,0,0,0,0,0,0,0,0,0,0,0,0,0,0,0,0]} 1. d4 Nf6 2. c4 g6 3. Nc3 Bg7 4. e4 d6 5. f3 O-O 6. Be3 e5 7. d5 c6 8. Qd2 cxd5 9. cxd5 a6 10. Bd3 b5 {E88: King's Indian: Sämisch: 6...e5 7 d5 c6.} 11. b4 Nbd7 12. a4 bxa4 {White is slightly better.} 13. Nxa4 ({White should try} 13. Nge2 $14) 13... Nh5 (13... Nxd5 $1 $15 14. Bg5 (14. exd5 e4 $17 {[%mdl 64] Discovered Attack}) 14... Qe8) 14. Ne2 $11 Nf4 15. O-O Nxd3 16. Qxd3 f5 17. Rac1 (17. Nb2 $142) 17... Rb8 {[#]} 18. Bd2 $146 ({Predecessor:} 18. Qd2 Nf6 19. exf5 gxf5 20. Rc6 Bb7 21. Rfc1 Bxc6 22. dxc6 Qc7 23. Bf2 Kh8 24. Ng3 {½-½ (59) Kryakvin,D (2579)-Samusenko,M (2323) Izhevsk 2014}) 18... Qh4 19. Be1 (19. exf5 $11 gxf5 20. Rc7) 19... fxe4 $17 20. Qxe4 Qd8 21. Qc4 Bh6 22. Rd1 ({White should play} 22. Ra1 $15) 22... Nb6 23. Nxb6 Qxb6+ 24. Kh1 {[#]} Bd7 (24... a5 $142 $1 {[%mdl 512]} 25. bxa5 Ba6 26. axb6 Bxc4) 25. Bd2 (25. Nc3 $142) 25... Rfc8 ({Better is} 25... Bxd2 26. Rxd2 Rfc8) 26. Qa2 Bxd2 27. Qxd2 Qxb4 28. Qg5 Bb5 29. Rfe1 Bxe2 30. Rxe2 Rc7 31. Qf6 a5 32. h3 a4 (32... Re8 $17 33. Re4 Qa3) 33. Re4 $11 Qb3 34. Qe6+ Rf7 35. Ra1 Rb5 36. Qxd6 Rxd5 37. Qa6 {[#]} Rxf3 $1 {[%mdl 512]} 38. Qc8+ (38. Rc4 $11 Rd1+ 39. Rxd1 Qxd1+ 40. Kh2) (38. gxf3 Qxf3+) 38... Rf8 $15 39. Qe6+ Kg7 40. Rxe5 Rd1+ 41. Rxd1 Qxd1+ {[%mdl 4096] Endgame KQR-KQR} 42. Kh2 Rf6 (42... Qd8 $1 $17 43. Rc5 Re8) 43. Qe7+ $11 {The position is equal.} Rf7 44. Qb4 $1 Qc1 45. Re7 Qa1 46. Rxf7+ Kxf7 {KQ-KQ} 47. Qc4+ Kf6 48. Qc6+ Kf5 49. Qf3+ Ke5 50. Qe2+ Kf6 51. Qf2+ Ke6 52. Qb6+ Kd5 {Hoping for ...Qe5+.} 53. Qb7+ Kc4 {And now ...Qe5+ would win.} 54. Qc6+ Kd3 55. Qa6+ Ke3 {Strongly threatening ...Qd4.} 56. Qe6+ Kf4 57. g3+ Kf3 58. Qd5+ Ke3 59. Qe6+ Kd3 60. Qa6+ Kc2 (60... Kd2 $5 61. Qd6+ $8 Ke3 62. Qf4+ Kd3 63. Qf3+ Kd2 64. Qf2+ Kd3 65. Qf3+ Kc2 66. Qe2+ Kc1 67. Qe3+ Kc2 68. Qe2+ Kc1 69. Qe3+ Kb2 70. Qd4+ Kb1 71. Qd3+ Ka2 72. Qd5+ Kb2 73. Qd4+ Kb1 74. Qe4+ Kc1 75. Qe3+ $11) 61. Qc4+ Kb2 62. Qb4+ Kc2 63. Qc4+ Kb1 64. Qd3+ Kc1 65. Qf1+ Kb2 66. Qe2+ $1 Ka3 67. Qe7+ Kb3 {aiming for ...Qb2+.} 68. Qe6+ Kb4 {...Qb2+ is the strong threat.} 69. Qb6+ Kc4 {White must now prevent ...Qd4.} 70. Qe6+ Kd3 71. Qa6+ Ke4 {Threatens to win with ...Qa2+.} (71... Kd2 $5 72. Qd6+ $8 Ke3 73. Qf4+ Ke2 74. Qc4+ Kd2 75. Qf4+ Kc2 76. Qe4+ Kb3 77. Qb7+ Ka3 78. Qe7+ Ka2 79. Qe6+ Kb2 80. Qe5+ Kb1 81. Qe4+ Kc1 82. Qe1+ Kb2 83. Qe5+ Kb1 84. Qe4+ Kc1 85. Qe3+ Kc2 86. Qe2+ Kb1 87. Qd3+ Ka2 88. Qd5+ Kb2 89. Qd4+ Kb1 90. Qd3+ $11) 72. Qe6+ Qe5 (72... Kd3 $5 73. Qa6+ $8 $11) 73. Qg4+ $1 Ke3 {( -> ...Kf2)} 74. Qxa4 Qb2+ 75. Kh1 Qc1+ 76. Kh2 {Intending Qf4+ and mate.} (76. Kg2 $5 {[%cal Ra4f4]} Qd2+ 77. Kg1 $11) 76... Qd2+ 77. Kh1 Qe1+ (77... Kf2 {with more complications.} 78. Qa7+ Kxg3 79. Qa3+ Kf2 80. Qf8+ Ke2) 78. Kh2 Qe2+ 79. Kg1 Qf2+ 80. Kh1 Qf3+ 81. Kh2 Qe2+ 82. Kg1 Qf2+ 83. Kh1 Qxg3 84. Qb3+ Kf2 {[%csl Gf2][%cal Rg3g2]} 85. Qc2+ Kf1 {[%csl Gf1][%cal Rg3g1]} 86. Qc4+ $1 Ke1 87. Qc1+ Ke2 88. Qc2+ Ke3 (88... Kf3 $5 {[%cal Rg3e1]} 89. Qd3+ Kf4 90. Qd6+ {[#]} Kf3 $1 {[%mdl 512]} 91. Qd3+ Kf4 92. Qd6+ Kf3 $1 {[%mdl 512]} 93. Qd3+ $11) 89. Qb3+ $1 Kf4 90. Qf7+ Kg5 91. Qxh7 Qe1+ 92. Kg2 Qe4+ 93. Kg3 {Accuracy: White = 83%, Black = 84%.} 1/2-1/2

[Event "Paracin Open 2020"]
[Site "Paracin"]
[Date "2020.07.04"]
[Round "3.13"]
[White "Sredojevic, Ivan"]
[Black "Micic, Aleksa"]
[Result "1-0"]
[WhiteElo "2239"]
[BlackElo "2008"]
[Annotator "ChessBase"]
[PlyCount "63"]
[EventDate "2020.07.03"]
[EventType "swiss"]
[EventCountry "SRB"]
[SourceTitle "playchess.com"]
[Source "ChessBase"]
[SourceQuality "1"]
[TimeControl "5400+30"]

1. e4 {[%emt 0:00:00]} c5 {[%emt 0:00:00]} 2. Nf3 {[%emt 0:00:00]} d6 {[%emt 0:00:07]} 3. Bb5+ {[%emt 0:00:28]} Nd7 {[%emt 0:00:07]} 4. d4 {[%emt 0:00:19]} cxd4 {[%emt 0:00:44]} 5. Qxd4 {[%emt 0:00:06]} a6 {[%emt 0:00:02]} 6. Bxd7+ {[%emt 0:00:07]} Bxd7 {[%emt 0:00:06]} 7. Nc3 {[%emt 0:00:04]} Nf6 {[%emt 0:07:03]} 8. Bg5 {[%emt 0:05:26]} e5 {[%emt 0:06:59]} 9. Qd3 {[%emt 0:02:02]} Bc6 {[%emt 0:02:13]} 10. Nd2 {[%emt 0:03:25]} Be7 {[%emt 0:08:46]} 11. Bxf6 {[%emt 0:05:22]} Bxf6 {[%emt 0:01:20]} 12. Nc4 {[%emt 0:00:25]} Be7 {[%emt 0:01:13]} 13. O-O-O {[%emt 0:00:21]} O-O {[%emt 0:01:04]} 14. Kb1 {[%emt 0:08:46]} Qc7 {[%emt 0:11:00]} 15. Ne3 {[%emt 0:00:32]} Rad8 {[%emt 0:06:35]} 16. Ncd5 {[%emt 0:00:42]} Bxd5 {[%emt 0:05:05]} 17. Nxd5 {[%emt 0:00:06]} Qd7 {[%emt 0:00:09]} 18. h4 {[%emt 0:00:14]} Rfe8 {[%emt 0:03:06]} 19. Qf3 {[%emt 0:03:31]} b5 {[%emt 0:09:03]} 20. g4 {[%emt 0:01:06]} Rb8 {[%emt 0:02:17]} 21. g5 {[%emt 0:00:42]} Rec8 {[%emt 0:03:31]} 22. Qf5 {[%emt 0:00:21]} Qd8 {[%emt 0:02:13]} 23. Rdg1 {[%emt 0:02:53]} Rc5 {[%emt 0:07:42]} 24. h5 {[%emt 0:01:42]} Rxd5 {[%emt 0:00:17]} 25. exd5 {[%emt 0:00:09]} Qc8 {[%emt 0:02:49]} 26. Qf3 {[%emt 0:01:06]} Qf8 {[%emt 0:04:55]} 27. Rh3 {[%emt 0:02:45]} Rc8 {[%emt 0:00:33]} 28. Qf5 {[%emt 0:00:21]} Rc4 {[%emt 0:01:59]} 29. Rf3 {[%emt 0:00:01]} g6 {[%emt 0:03:53]} 30. hxg6 {[%emt 0:01:37]} hxg6 {[%emt 0:00:11]} 31. Qh3 {[%emt 0:00:00]} Qc8 {[%emt 0:02:24]} 32. Qh2 {[%emt 0:01:06]} 1-0

[Event "Paracin Open 2020"]
[Site "Paracin"]
[Date "2020.07.04"]
[Round "3.14"]
[White "Jancic, Radomir"]
[Black "Sahin, Ozgun"]
[Result "0-1"]
[WhiteElo "1966"]
[BlackElo "2220"]
[Annotator "TA"]
[PlyCount "100"]
[EventDate "2020.07.03"]
[EventType "swiss"]
[EventCountry "SRB"]
[SourceTitle "playchess.com"]
[Source "ChessBase"]
[SourceQuality "1"]

{[%evp 13,100,21,68,20,47,40,40,46,46,38,53,2,8,12,42,9,20,0,0,0,25,12,5,-38,-31,-70,0,-72,-73,-162,-118,-181,-183,-187,-184,-159,-169,-172,-172,-198,-201,-196,-142,-227,-185,-185,-149,-216,-170,-281,-199,-200,-181,-169,-113,-234,-243,-228,-222,-234,-225,-429,-445,-467,-478,-967,-871,-964,-472,-465,-452,-454,-412,-592,-389,-383,-250,-259,-211,-578,-535,-741,-712,-1448,-1473,-29981,-29983,-29993,-29994]} 1. Nf3 c5 2. c4 Nc6 3. Nc3 g6 4. e3 Bg7 5. d4 cxd4 6. exd4 d6 7. h3 Nf6 8. Bd3 {[#] A35: Symmetrical English: 2 Nc3 Nc6 3 Nf3.} e5 $146 ({Predecessor:} 8... O-O 9. Be3 b6 10. O-O Nb4 11. Bb1 Bb7 12. a3 Nc6 13. Qd2 Ba6 14. Bd3 Bb7 15. b4 a6 {1-0 (37) Polert,A (1196)-Bohm,S (888) Willingen 2008}) 9. d5 Ne7 10. O-O {White is slightly better.} O-O 11. Re1 Nd7 12. Ng5 (12. Bc2 $14) 12... Nc5 $11 13. Bc2 f5 14. Nf3 a5 {[%cal Ba7a5,Ba5a4][%mdl 32]} 15. Rb1 Bd7 16. a3 e4 17. Nd4 $1 Nc8 {[%cal Be7c8,Bc8b6,Bb6c4,Bc4e3][%mdl 32]} 18. Nce2 a4 19. Be3 g5 (19... Nb6 $15 20. b4 axb3 21. Bxb3 Nd3) 20. Nc3 {[#]} (20. b4 $11 axb3 21. Nxb3) 20... Nb6 $1 $17 21. Ndb5 (21. Ne6 $17 {was worth a try.} Nxe6 22. dxe6 Bxe6 23. c5) 21... Nxc4 $19 {Threatens to win with ...Qa5.} 22. Nxd6 (22. Bxc5 $17 {was called for.} dxc5 23. d6) 22... Nxe3 23. Rxe3 Qf6 24. Nc4 b5 25. Nd2 Qh6 26. Re1 Rae8 27. Nf1 Be5 (27... Nb7 $19 28. Rc1 Nd6) 28. Qe2 (28. d6 $17 Rf7 29. Qd5 Bxd6 30. Rbd1) 28... Rb8 29. Rbd1 Qf6 30. Qe3 (30. d6 $17) 30... Nb7 31. f3 (31. d6 {is a better defense.}) 31... Bd6 32. Kh1 {[#]} exf3 $1 33. Qxf3 g4 (33... Nc5 $19 {And now ...b4 would win.} 34. Ne2 g4 35. hxg4 Qh6+ 36. Qh3 Qxh3+ 37. gxh3 fxg4) 34. Qd3 {White does not recover from this.} (34. hxg4 $17 fxg4 35. Qxf6 Rxf6 36. Ne4 Rh6+ 37. Kg1) 34... Nc5 35. Qd4 Qh6 36. Qd2 f4 37. Ne4 $2 (37. Nh2 gxh3 38. gxh3) 37... Nxe4 38. Rxe4 gxh3 39. g3 (39. gxh3 $142 Bxh3 40. Nh2) 39... Bg4 {Strongly threatening ...Bf3+.} 40. Re6 Bxe6 (40... Bf3+ $142 41. Kh2 fxg3+ 42. Nxg3 Bxg3+ 43. Kxg3 Qg7+ {[%mdl 64] Double Attack} 44. Kh2 Bxd1 45. Bxd1 Rf1) 41. dxe6 Be7 42. Qe2 Rbd8 43. Re1 (43. Rxd8 $142 Rxd8 44. g4) 43... f3 44. Qe4 f2 45. Re2 Qh5 {White must now prevent ...Rd4!} 46. g4 $2 (46. Re3 {is more resistant.}) 46... Qd5 47. Kh2 {[%csl Gc2][%cal Re4h7]} Qxe4 {[%mdl 64] Overworked Piece} 48. Bxe4 Rd1 49. Ng3 {[#]} Bd6 $1 50. e7 f1=Q {Accuracy: White = 34%, Black = 63%.} 0-1

[Event "Paracin Open 2020"]
[Site "Paracin"]
[Date "2020.07.04"]
[Round "3.15"]
[White "Todorovic, Nenad I"]
[Black "Vojinovic, Anastasija"]
[Result "1-0"]
[WhiteElo "2295"]
[BlackElo "1568"]
[Annotator "ChessBase"]
[PlyCount "49"]
[EventDate "2020.07.03"]
[EventType "swiss"]
[EventCountry "SRB"]
[SourceTitle "playchess.com"]
[Source "ChessBase"]
[SourceQuality "1"]
[TimeControl "5400+30"]

1. e4 {[%emt 0:00:00]} c5 {[%emt 0:00:00]} 2. Nf3 {[%emt 0:00:00]} d6 {[%emt 0:00:00]} 3. d4 {[%emt 0:00:07]} cxd4 {[%emt 0:00:03]} 4. Nxd4 {[%emt 0:00:04]} Nf6 {[%emt 0:00:30]} 5. Nc3 {[%emt 0:00:08]} a6 {[%emt 0:00:05]} 6. Be3 {[%emt 0:00:17]} e5 {[%emt 0:00:40]} 7. Nb3 {[%emt 0:00:21]} Be6 {[%emt 0:00:10]} 8. f3 {[%emt 0:00:08]} Be7 {[%emt 0:00:09]} 9. Qd2 {[%emt 0:00:14]} Nbd7 {[%emt 0:00:12]} 10. g4 {[%emt 0:00:26]} Qc7 {[%emt 0:01:55]} 11. g5 {[%emt 0:04:24]} Nh5 {[%emt 0:01:28]} 12. O-O-O {[%emt 0:01:14]} O-O {[%emt 0:02:16]} 13. Kb1 {[%emt 0:02:23]} b5 {[%emt 0:02:19]} 14. Nd5 {[%emt 0:01:57]} Bxd5 {[%emt 0:00:07]} 15. exd5 {[%emt 0:00:13]} Rfc8 {[%emt 0:08:50]} 16. Bh3 {[%emt 0:36:40]} Bd8 {[%emt 0:28:39]} 17. Bg4 {[%emt 0:15:31]} Nf4 {[%emt 0:00:03]} 18. h4 {[%emt 0:00:17]} a5 {[%emt 0:04:20]} 19. Bxf4 {[%emt 0:05:28]} exf4 {[%emt 0:00:02]} 20. Nd4 {[%emt 0:00:33]} Rcb8 {[%emt 0:03:49]} 21. Bxd7 {[%emt 0:01:36]} Qxd7 {[%emt 0:00:03]} 22. Nc6 {[%emt 0:00:17]} Rb6 {[%emt 0:01:26]} 23. Rde1 {[%emt 0:04:18]} b4 {[%emt 0:05:27]} 24. Qxf4 {[%emt 0:02:04]} Rb5 {[%emt 0:05:11]} 25. Qf5 {[%emt 0:02:56]} 1-0

[Event "Paracin Open 2020"]
[Site "Paracin"]
[Date "2020.07.04"]
[Round "3.16"]
[White "Petrovic, Marija"]
[Black "Ivic, Matija"]
[Result "0-1"]
[WhiteElo "1968"]
[BlackElo "2225"]
[Annotator "ChessBase"]
[PlyCount "138"]
[EventDate "2020.07.03"]
[EventType "swiss"]
[EventCountry "SRB"]
[SourceTitle "playchess.com"]
[Source "ChessBase"]
[SourceQuality "1"]
[TimeControl "5400+30"]

1. Nf3 {[%emt 0:00:00]} c5 {[%emt 0:00:00]} 2. e3 {[%emt 0:00:14]} Nf6 {[%emt 0:00:02]} 3. d4 {[%emt 0:00:07]} g6 {[%emt 0:00:16]} 4. c3 {[%emt 0:01:42]} Qc7 {[%emt 0:00:08]} 5. Bd3 {[%emt 0:01:48]} d5 {[%emt 0:00:12]} 6. Ne5 {[%emt 0:00:47]} Bg7 {[%emt 0:00:10]} 7. f4 {[%emt 0:01:08]} O-O {[%emt 0:00:25]} 8. Nd2 {[%emt 0:00:15]} Nc6 {[%emt 0:00:14]} 9. Ndf3 {[%emt 0:00:15]} Rb8 {[%emt 0:00:08]} 10. Qe2 {[%emt 0:05:10]} a6 {[%emt 0:01:32]} 11. a4 {[%emt 0:00:42]} c4 {[%emt 0:01:47]} 12. Bc2 {[%emt 0:00:05]} b5 {[%emt 0:00:10]} 13. axb5 {[%emt 0:01:57]} axb5 {[%emt 0:00:48]} 14. Nxc6 {[%emt 0:01:48]} Qxc6 {[%emt 0:00:07]} 15. Ne5 {[%emt 0:00:06]} Qc7 {[%emt 0:00:08]} 16. O-O {[%emt 0:01:30]} Bf5 {[%emt 0:01:51]} 17. Bxf5 {[%emt 0:08:58]} gxf5 {[%emt 0:00:03]} 18. g4 {[%emt 0:00:22]} fxg4 {[%emt 0:00:34]} 19. Nxg4 {[%emt 0:00:09]} Nxg4 {[%emt 0:00:56]} 20. Qxg4 {[%emt 0:00:07]} b4 {[%emt 0:00:53]} 21. Kh1 {[%emt 0:00:44]} f5 {[%emt 0:00:22]} 22. Qg5 {[%emt 0:02:17]} Rb6 {[%emt 0:00:53]} 23. cxb4 {[%emt 0:07:36]} Rxb4 {[%emt 0:02:33]} 24. Rg1 {[%emt 0:01:10]} e6 {[%emt 0:00:22]} 25. Ra6 {[%emt 0:04:30]} Re8 {[%emt 0:01:30]} 26. Qh5 {[%emt 0:02:29]} Re7 {[%emt 0:02:34]} 27. Qh4 {[%emt 0:22:04]} Re8 {[%emt 0:01:17]} 28. Qh5 {[%emt 0:00:12]} Re7 {[%emt 0:00:53]} 29. Qh4 {[%emt 0:00:08]} Re8 {[%emt 0:00:21]} 30. Qh5 {[%emt 0:00:06]} Rbb8 {[%emt 0:02:09]} 31. Bd2 {[%emt 0:04:03]} Qb7 {[%emt 0:00:29]} 32. Qg5 {[%emt 0:02:00]} Kh8 {[%emt 0:04:33]} 33. Bc3 {[%emt 0:04:53]} Ra8 {[%emt 0:01:48]} 34. Rxa8 {[%emt 0:01:36]} Rxa8 {[%emt 0:00:04]} 35. h4 {[%emt 0:00:36]} Qf7 {[%emt 0:00:20]} 36. h5 {[%emt 0:04:22]} Bf6 {[%emt 0:01:10]} 37. Qh6 {[%emt 0:00:14]} Rg8 {[%emt 0:01:04]} 38. Ra1 {[%emt 0:08:53]} Bg7 {[%emt 0:02:04]} 39. Qg5 {[%emt 0:00:06]} Bf6 {[%emt 0:03:13]} 40. Qh6 {[%emt 0:00:11]} Bd8 {[%emt 0:00:26]} 41. Ra6 {[%emt 0:03:16]} Bf6 {[%emt 0:05:54]} 42. Ra1 {[%emt 0:02:13]} Bd8 {[%emt 0:01:53]} 43. Ra8 {[%emt 0:00:32]} Bf6 {[%emt 0:02:16]} 44. Ra1 {[%emt 0:00:13]} Qe7 {[%emt 0:01:29]} 45. Bb4 {[%emt 0:04:31]} Qf7 {[%emt 0:00:02]} 46. Bd6 {[%emt 0:00:14]} Bg7 {[%emt 0:01:23]} 47. Be5 {[%emt 0:00:36]} Bxe5 {[%emt 0:00:05]} 48. fxe5 {[%emt 0:01:39]} Qe7 {[%emt 0:00:02]} 49. Qf6+ {[%emt 0:01:57]} Qxf6 {[%emt 0:00:01]} 50. exf6 {[%emt 0:00:03]} Rf8 {[%emt 0:00:08]} 51. h6 {[%emt 0:00:23]} Kg8 {[%emt 0:00:05]} 52. Ra7 {[%emt 0:00:48]} Rxf6 {[%emt 0:00:09]} 53. Rg7+ {[%emt 0:00:51]} Kh8 {[%emt 0:00:11]} 54. Re7 {[%emt 0:00:09]} Rxh6+ {[%emt 0:00:59]} 55. Kg2 {[%emt 0:00:00]} Kg8 {[%emt 0:00:27]} 56. Kg3 {[%emt 0:00:18]} Kf8 {[%emt 0:00:11]} 57. Rb7 {[%emt 0:00:06]} Rg6+ {[%emt 0:00:47]} 58. Kf4 {[%emt 0:00:17]} h5 {[%emt 0:04:06]} 59. Ke5 {[%emt 0:01:01]} Rh6 {[%emt 0:00:23]} 60. Rb8+ {[%emt 0:01:02]} Kf7 {[%emt 0:00:35]} 61. Rb7+ {[%emt 0:00:06]} Ke8 {[%emt 0:00:06]} 62. Rb8+ {[%emt 0:00:16]} Kd7 {[%emt 0:00:05]} 63. Rb7+ {[%emt 0:01:37]} Kc6 {[%emt 0:00:08]} 64. Rg7 {[%emt 0:00:14]} h4 {[%emt 0:00:06]} 65. Rg2 {[%emt 0:00:03]} h3 {[%emt 0:00:51]} 66. Rh2 {[%emt 0:00:01]} Kd7 {[%emt 0:00:15]} 67. Kf4 {[%emt 0:00:39]} Rh4+ {[%emt 0:00:39]} 68. Kg3 {[%emt 0:01:03]} Re4 {[%emt 0:00:09]} 69. Kf3 {[%emt 0:02:12]} f4 {[%emt 0:00:08]} 0-1